Countries Where Popular Smash Karts YouTubers Reside In - Statistics

General Stats
  • This quiz has been taken 3 times
  • The average score is 11 of 13
Answer Stats
Hint Answer % Correct
BirdCereal Canada
100%
AtomicFireSK United States of America
100%
Badley United States of America
100%
DiamondBlade United States of America
100%
GoldGoldSK United States of America
100%
JashSK United States of America
100%
Rayday United States of America
100%
thor United States of America
100%
Zetron United States of America
100%
Lukie Boy! Ireland
67%
LeafBolt Philippines
67%
Lucas Smash Karts Philippines
67%
SombreroSteve Thailand
33%
No matching quizzes found
Score Distribution
Percent of People with Each Score
Percentile by Number Answered
Your Score History
You have not taken this quiz